Štatistická správa o základných vývojových tendenciách v hospodárstve SR v roku 2009

Na minha lista:
Detalhes bibliográficos
Formato: Livro
Idioma:eslovaco
Publicado em: Bratislava Štatistický úrad Slovenskej republiky 2010
Assuntos:
Tags: Adicionar Tag
Sem tags, seja o primeiro a adicionar uma tag!

MARC

LEADER 00000nam$a2200000$$$4500
001 0109628
005 20240515131018.3
041 0 |a slo 
044 |a SK 
245 1 0 |a Štatistická správa o základných vývojových tendenciách v hospodárstve SR v roku 2009 
264 1 |a Bratislava  |b Štatistický úrad Slovenskej republiky  |c 2010 
300 |a 97 s. 
610 2 0 |a Slovensko 
610 2 0 |a hospodárstvo národné 
610 2 0 |a vývoj hospodársky